[Event "Wch Seniors 50+"]
[Site "Citta del Mare ITA"]
[Date "2023.10.28"]
[Round "4.3"]
[White "Adams, Michael"]
[Black "Cummings, David"]
[Result "1-0"]
[WhiteElo "2670"]
[BlackElo "2325"]
[PlyCount "109"]
[GameId "2130307552099173"]
[EventDate "2023.10.25"]
[EventType "swiss"]
[EventRounds "11"]
[EventCountry "ITA"]
[SourceTitle "10 Days #740"]
[Source "ChessMix"]
[SourceDate "2023.11.10"]
[SourceVersion "1"]
[SourceVersionDate "2023.11.10"]
[SourceQuality "1"]

1. e4 c6 2. d4 d5 3. e5 c5 4. c3 Nc6 5. Be2 Bf5 6. Nf3 e6 7. O-O cxd4 8. Nxd4 Nge7 9. Bb5 Qc7 10. Na3 Be4 11. Qe2 a6 12. Ba4 Qa5 13. Bc2 Nxd4 14. cxd4 Bxc2 15. Nxc2 Rc8 16. Rd1 h5 17. h3 Qb5 18. Rd3 Nf5 19. Qd1 h4 20. Ne3 Be7 21. Rb3 Qd7 22. Nxf5 exf5 23. Rb6 O-O 24. Qb3 Rc6 25. Rxb7 Qe6 26. Bd2 Rfc8 27. Re1 Bd8 28. Bc3 Rb6 29. Rxb6 Bxb6 30. Qd1 Rc4 31. Qd3 a5 32. b3 Rc8 33. Bd2 g6 34. Bg5 Qc6 35. Bxh4 Qc3 36. Rd1 Qxd3 37. Rxd3 Rc1+ 38. Kh2 Kf8 39. a4 Rc2 40. f3 Ke8 41. Bg5 Kd7 42. h4 Bd8 43. Bd2 Rb2 44. g3 f4 45. Kh3 fxg3 46. Kxg3 Rb1 47. Bg5 Bb6 48. Be3 Rb2 49. Rc3 Re2 50. f4 Re1 51. f5 gxf5 52. h5 Rh1 53. h6 f4+ 54. Bxf4 Bxd4 55. Rd3 1-0

[Event "Fagernes op-A"]
[Site "Fagernes NOR"]
[Date "2023.04.02"]
[Round "1.2"]
[White "Cummings, David"]
[Black "Ter-Sahakyan, Samvel"]
[Result "1/2-1/2"]
[WhiteElo "2318"]
[BlackElo "2616"]
[PlyCount "115"]
[GameId "2130307561673120"]
[EventDate "2023.04.02"]
[EventType "swiss"]
[EventRounds "9"]
[EventCountry "NOR"]
[SourceTitle "10 Days #719"]
[Source "ChessMix"]
[SourceDate "2023.04.10"]
[SourceVersion "1"]
[SourceVersionDate "2023.04.10"]
[SourceQuality "1"]

1. Nf3 d5 2. e3 Nf6 3. c4 e6 4. Nc3 Bd6 5. b3 O-O 6. Bb2 Re8 7. Nb5 Be7 8. Be5 Na6 9. Be2 c6 10. Nc3 Nc5 11. Qc2 Ncd7 12. Bg3 a6 13. O-O Nh5 14. Ng5 Bxg5 15. Bxh5 Nf6 16. Be2 e5 17. cxd5 cxd5 18. f4 exf4 19. Bxf4 h6 20. Qd3 Be6 21. Qd4 Ne4 22. Nxe4 dxe4 23. Be5 Qxd4 24. Bxd4 Rac8 25. Rac1 Be7 26. Bc4 Bxc4 27. Rxc4 b5 28. Rxc8 Rxc8 29. Rf4 Rc1+ 30. Kf2 Rc2 31. Rxe4 Rxd2+ 32. Kf3 Bd6 33. a4 bxa4 34. bxa4 Ra2 35. Bb6 Bxh2 36. Re8+ Kh7 37. a5 Bg1 38. g4 Rf2+ 39. Kg3 Rc2 40. Ra8 Bf2+ 41. Kf3 Be1 42. Rxa6 Rf2+ 43. Ke4 Rg2 44. Ra8 Rxg4+ 45. Kf3 Rg3+ 46. Ke2 Bxa5 47. Rxa5 f6 48. Kf2 Rg4 49. Kf3 Rg1 50. e4 Rf1+ 51. Bf2 Rc1 52. Rc5 Rb1 53. Rc7 Kg6 54. Bc5 Rb8 55. Kf4 Re8 56. Bd6 Rd8 57. Be7 Ra8 58. Bd6 1/2-1/2

[Event "Fagernes op-A"]
[Site "Fagernes NOR"]
[Date "2023.04.03"]
[Round "2.22"]
[White "Hillarp Persson, Tiger"]
[Black "Cummings, David"]
[Result "1/2-1/2"]
[WhiteElo "2505"]
[BlackElo "2318"]
[PlyCount "91"]
[GameId "2130307561673148"]
[EventDate "2023.04.02"]
[EventType "swiss"]
[EventRounds "9"]
[EventCountry "NOR"]
[SourceTitle "10 Days #719"]
[Source "ChessMix"]
[SourceDate "2023.04.10"]
[SourceVersion "1"]
[SourceVersionDate "2023.04.10"]
[SourceQuality "1"]

1. Nf3 d5 2. g3 Nf6 3. Bg2 e6 4. O-O c5 5. c4 d4 6. e3 Nc6 7. exd4 cxd4 8. d3 h6 9. Na3 Bxa3 10. bxa3 O-O 11. Re1 Re8 12. Bf4 Ng4 13. Rb1 e5 14. Bc1 Qc7 15. h3 Nf6 16. g4 Rb8 17. Rb2 Bd7 18. Rbe2 Rbd8 19. Nd2 b6 20. Nf1 Nh7 21. Ng3 Ng5 22. Nh5 Qd6 23. f4 exf4 24. Bxf4 Qxa3 25. h4 Rxe2 26. Qxe2 Ne6 27. Bxh6 gxh6 28. Nf6+ Kf8 29. Nxd7+ Rxd7 30. Bxc6 Rc7 31. Bd5 Qd6 32. Bxe6 Qg3+ 33. Kh1 Re7 34. Qe5 Qxh4+ 35. Kg2 Rxe6 36. Qh8+ Ke7 37. Rxe6+ fxe6 38. Qg7+ Ke8 39. Qxd4 Qe1 40. Kf3 Qf1+ 41. Kg3 Qe1+ 42. Kf4 Ke7 43. Qg7+ Kd6 44. Qd4+ Ke7 45. Qg7+ Kd6 46. Qd4+ 1/2-1/2

[Event "Fagernes op-A"]
[Site "Fagernes NOR"]
[Date "2023.04.04"]
[Round "3.17"]
[White "Cummings, David"]
[Black "Kulaots, Kaido"]
[Result "1/2-1/2"]
[WhiteElo "2318"]
[BlackElo "2525"]
[PlyCount "55"]
[GameId "2129404710651391"]
[EventDate "2023.04.02"]
[EventType "swiss"]
[EventRounds "9"]
[EventCountry "NOR"]
[SourceTitle "10 Days #719"]
[Source "ChessMix"]
[SourceDate "2023.04.10"]
[SourceVersion "1"]
[SourceVersionDate "2023.04.10"]
[SourceQuality "1"]
[TimeControl "40/6000+30:2400+30"]

1. c4 {[%emt 0:00:05]} g6 {[%emt 0:00:22]} 2. e4 {[%emt 0:00:23]} e5 {[%emt 0:00:41]} 3. d4 {[%emt 0:00:48]} Nf6 {[%emt 0:00:54]} 4. Nf3 {[%emt 0:01:26]} exd4 {[%emt 0:00:31]} 5. e5 {[%emt 0:00:32]} Ne4 {[%emt 0:01:27]} 6. Qxd4 {[%emt 0:01:08]} Bb4+ {[%emt 0:00:26]} 7. Nbd2 {[%emt 0:04:03]} Ng5 {[%emt 0:04:12]} 8. a3 {[%emt 0:24:28]} Nc6 {[%emt 0:08:35]} 9. Qf4 {[%emt 0:03:18]} Nxf3+ {[%emt 0:03:49]} 10. Qxf3 {[%emt 0:05:20]} Be7 {[%emt 0:03:45]} 11. Ne4 {[%emt 0:08:50]} Nxe5 {[%emt 0:02:13]} 12. Qc3 {[%emt 0:02:16]} f6 {[%emt 0:03:39]} 13. Bh6 {[%emt 0:06:29]} d6 {[%emt 0:12:41]} 14. O-O-O {[%emt 0:08:20]} Bf5 {[%emt 0:00:44]} 15. Ng3 {[%emt 0:01:02]} Qd7 {[%emt 0:01:24]} 16. h3 {[%emt 0:02:31]} O-O-O {[%emt 0:03:04]} 17. f4 {[%emt 0:01:30]} Nc6 {[%emt 0:02:21]} 18. Nxf5 {[%emt 0:08:03]} Qxf5 {[%emt 0:00:21]} 19. g4 {[%emt 0:00:58]} Qd7 {[%emt 0:04:46]} 20. Bg2 {[%emt 0:01:28]} Bf8 {[%emt 0:14:33]} 21. Bxf8 {[%emt 0:01:31]} Rhxf8 {[%emt 0:00:07]} 22. Rhe1 {[%emt 0:05:11]} f5 {[%emt 0:08:32]} 23. g5 {[%emt 0:04:39]} Rde8 {[%emt 0:05:27]} 24. Rxe8+ {[%emt 0:00:33]} Rxe8 {[%emt 0:00:28]} 25. c5 {[%emt 0:00:31]} Kb8 {[%emt 0:18:22]} 26. Kb1 {[%emt 0:03:15]} Nd8 {[%emt 0:02:37]} 27. cxd6 {[%emt 0:04:59]} cxd6 {[%emt 0:00:16]} 28. Qb4 {[%emt 0:00:47]} 1/2-1/2

[Event "Fagernes op-A"]
[Site "Fagernes NOR"]
[Date "2023.04.05"]
[Round "4.25"]
[White "Lye, Sverre"]
[Black "Cummings, David"]
[Result "1/2-1/2"]
[WhiteElo "2212"]
[BlackElo "2318"]
[PlyCount "121"]
[GameId "2129404710651421"]
[EventDate "2023.04.02"]
[EventType "swiss"]
[EventRounds "9"]
[EventCountry "NOR"]
[SourceTitle "10 Days #719"]
[Source "ChessMix"]
[SourceDate "2023.04.10"]
[SourceVersion "1"]
[SourceVersionDate "2023.04.10"]
[SourceQuality "1"]
[TimeControl "40/6000+30:2400+30"]

1. e4 {[%emt 0:00:05]} c6 {[%emt 0:00:15]} 2. d4 {[%emt 0:01:04]} d5 {[%emt 0:00:08]} 3. exd5 {[%emt 0:00:11]} cxd5 {[%emt 0:00:08]} 4. Bd3 {[%emt 0:00:10]} Nc6 {[%emt 0:00:39]} 5. c3 {[%emt 0:00:15]} Nf6 {[%emt 0:00:57]} 6. Bf4 {[%emt 0:00:14]} Bg4 {[%emt 0:00:38]} 7. Qb3 {[%emt 0:00:11]} Qd7 {[%emt 0:00:37]} 8. Nd2 {[%emt 0:00:33]} e6 {[%emt 0:00:44]} 9. Ngf3 {[%emt 0:00:23]} Bd6 {[%emt 0:00:23]} 10. Bg3 {[%emt 0:01:06]} Bxg3 {[%emt 0:02:41]} 11. hxg3 {[%emt 0:00:41]} Qc7 {[%emt 0:01:09]} 12. O-O {[%emt 0:14:06]} O-O {[%emt 0:01:51]} 13. Rae1 {[%emt 0:04:55]} Ne7 {[%emt 0:02:25]} 14. Ne5 {[%emt 0:05:04]} Bf5 {[%emt 0:00:33]} 15. Bxf5 {[%emt 0:04:28]} Nxf5 {[%emt 0:00:20]} 16. g4 {[%emt 0:08:12]} Nd6 {[%emt 0:01:25]} 17. g3 {[%emt 0:05:11]} Nfe4 {[%emt 0:21:30]} 18. Qd1 {[%emt 0:07:50]} Nxd2 {[%emt 0:12:22]} 19. Qxd2 {[%emt 0:00:05]} Ne4 {[%emt 0:00:12]} 20. Qe2 {[%emt 0:06:11]} f6 {[%emt 0:04:28]} 21. Nf3 {[%emt 0:02:26]} Rae8 {[%emt 0:01:50]} 22. Nd2 {[%emt 0:06:19]} Nd6 {[%emt 0:02:10]} 23. Qd3 {[%emt 0:03:28]} Qf7 {[%emt 0:03:38]} 24. b3 {[%emt 0:04:11]} b5 {[%emt 0:08:09]} 25. a4 {[%emt 0:11:22]} bxa4 {[%emt 0:01:59]} 26. Qa6 {[%emt 0:04:06]} Qc7 {[%emt 0:02:32]} 27. c4 {[%emt 0:02:22]} dxc4 {[%emt 0:12:46]} 28. Nxc4 {[%emt 0:02:25]} Nxc4 {[%emt 0:04:53]} 29. Qxc4 {[%emt 0:02:05]} Qxc4 {[%emt 0:00:34]} 30. bxc4 {[%emt 0:00:06]} Rc8 {[%emt 0:00:44]} 31. Rxe6 {[%emt 0:04:33]} Rxc4 {[%emt 0:00:12]} 32. Re7 {[%emt 0:02:38]} Rxd4 {[%emt 0:00:31]} 33. Rxa7 {[%emt 0:02:23]} Rfd8 {[%emt 0:01:57]} 34. Kg2 {[%emt 0:04:02]} Rxg4 {[%emt 0:00:54]} 35. Rc1 {[%emt 0:02:15]} h5 {[%emt 0:05:40]} 36. f3 {[%emt 0:00:53]} Rd2+ {[%emt 0:01:56]} 37. Kh3 {[%emt 0:00:06]} Rg5 {[%emt 0:04:20]} 38. Rxa4 {[%emt 0:01:10]} Rf2 {[%emt 0:00:35]} 39. Ra3 {[%emt 0:01:18]} Re5 {[%emt 0:01:35]} 40. g4 {[%emt 0:00:46]} hxg4+ {[%emt 0:02:19]} 41. fxg4 {[%emt 0:02:32]} Kh7 {[%emt 0:03:30]} 42. Rcc3 {[%emt 0:01:35]} Ree2 {[%emt 0:02:29]} 43. Re3 {[%emt 0:02:44]} Rh2+ {[%emt 0:01:28]} 44. Kg3 {[%emt 0:00:04]} Reg2+ {[%emt 0:00:20]} 45. Kf4 {[%emt 0:01:52]} Kg6 {[%emt 0:01:29]} 46. Rg3 {[%emt 0:03:46]} Rb2 {[%emt 0:02:25]} 47. Rgb3 {[%emt 0:03:56]} Rhf2+ {[%emt 0:00:53]} 48. Kg3 {[%emt 0:00:50]} Kh6 {[%emt 0:01:46]} 49. Rxb2 {[%emt 0:02:12]} Rxb2 {[%emt 0:00:04]} 50. Kf4 {[%emt 0:01:45]} Rb4+ {[%emt 0:00:50]} 51. Kg3 {[%emt 0:01:16]} g5 {[%emt 0:01:32]} 52. Ra7 {[%emt 0:03:04]} Rb3+ {[%emt 0:02:07]} 53. Kg2 {[%emt 0:00:07]} Re3 {[%emt 0:00:28]} 54. Rb7 {[%emt 0:00:31]} Kg6 {[%emt 0:00:08]} 55. Ra7 {[%emt 0:00:27]} Re6 {[%emt 0:00:11]} 56. Kf3 {[%emt 0:00:28]} f5 {[%emt 0:00:13]} 57. gxf5+ {[%emt 0:00:26]} Kxf5 {[%emt 0:00:06]} 58. Ra5+ {[%emt 0:00:39]} Kg6 {[%emt 0:00:11]} 59. Kg4 {[%emt 0:00:38]} Re4+ {[%emt 0:00:03]} 60. Kg3 {[%emt 0:00:25]} Kh5 {[%emt 0:00:03]} 61. Ra3 {[%emt 0:00:16]} 1/2-1/2

[Event "Fagernes op-A"]
[Site "Fagernes NOR"]
[Date "2023.04.05"]
[Round "5.20"]
[White "Cummings, David"]
[Black "Panda Sambit"]
[Result "1/2-1/2"]
[WhiteElo "2318"]
[BlackElo "2452"]
[PlyCount "35"]
[GameId "2130307561681395"]
[EventDate "2023.04.02"]
[EventType "swiss"]
[EventRounds "9"]
[EventCountry "NOR"]
[SourceTitle "10 Days #719"]
[Source "ChessMix"]
[SourceDate "2023.04.10"]
[SourceVersion "1"]
[SourceVersionDate "2023.04.10"]
[SourceQuality "1"]

1. c4 e6 2. Nc3 d5 3. d4 a6 4. cxd5 exd5 5. Nf3 h6 6. Bf4 Nf6 7. e3 Bd6 8. Bxd6 Qxd6 9. Bd3 Bg4 10. h3 Bxf3 11. Qxf3 Nbd7 12. a3 c6 13. Ne2 Qe7 14. O-O O-O 15. Ng3 g6 16. Rfe1 Rae8 17. Qf4 Kg7 18. Qc7 1/2-1/2

[Event "Fagernes op-A"]
[Site "Fagernes NOR"]
[Date "2023.04.06"]
[Round "6.24"]
[White "Moksh Amit Doshi"]
[Black "Cummings, David"]
[Result "1-0"]
[WhiteElo "2388"]
[BlackElo "2318"]
[PlyCount "69"]
[GameId "2130307561685522"]
[EventDate "2023.04.02"]
[EventType "swiss"]
[EventRounds "9"]
[EventCountry "NOR"]
[SourceTitle "10 Days #719"]
[Source "ChessMix"]
[SourceDate "2023.04.10"]
[SourceVersion "1"]
[SourceVersionDate "2023.04.10"]
[SourceQuality "1"]

1. d4 Nf6 2. c4 e6 3. g3 Bb4+ 4. Nd2 O-O 5. Bg2 d5 6. Ngf3 b6 7. O-O Bb7 8. a3 Be7 9. cxd5 exd5 10. b4 Nbd7 11. Ne5 c5 12. bxc5 bxc5 13. Rb1 Rb8 14. Qa4 cxd4 15. Nxd7 Nxd7 16. Bb2 Bc5 17. Nb3 Bb6 18. Nxd4 Nc5 19. Qc2 Ne6 20. Nf5 d4 21. Rfd1 Bxg2 22. Kxg2 Qd5+ 23. Kg1 Kh8 24. e4 Qc5 25. Qd3 Rbd8 26. a4 Qe5 27. Ba3 Nc5 28. Qb5 Rb8 29. a5 a6 30. Qc4 Ba7 31. Rxb8 Rxb8 32. Qxf7 Ra8 33. Rxd4 Ne6 34. Rc4 h6 35. Qb7 1-0

[Event "Fagernes op-A"]
[Site "Fagernes NOR"]
[Date "2023.04.07"]
[Round "7.32"]
[White "Cummings, David"]
[Black "Pujari, Rucha"]
[Result "1-0"]
[WhiteElo "2318"]
[BlackElo "2195"]
[PlyCount "119"]
[GameId "2129404710651492"]
[EventDate "2023.04.02"]
[EventType "swiss"]
[EventRounds "9"]
[EventCountry "NOR"]
[SourceTitle "10 Days #719"]
[Source "ChessMix"]
[SourceDate "2023.04.10"]
[SourceVersion "1"]
[SourceVersionDate "2023.04.10"]
[SourceQuality "1"]
[TimeControl "40/6000+30:2400+30"]

1. c4 {[%emt 0:00:11]} e6 {[%emt 0:02:40]} 2. Nc3 {[%emt 0:00:23]} d5 {[%emt 0:00:36]} 3. d4 {[%emt 0:00:13]} Nf6 {[%emt 0:00:35]} 4. cxd5 {[%emt 0:00:35]} exd5 {[%emt 0:00:08]} 5. Bg5 {[%emt 0:00:11]} c6 {[%emt 0:01:33]} 6. e3 {[%emt 0:00:27]} a5 {[%emt 0:02:55]} 7. Bd3 {[%emt 0:01:33]} Na6 {[%emt 0:00:52]} 8. Nge2 {[%emt 0:05:24]} Bd6 {[%emt 0:00:58]} 9. a3 {[%emt 0:04:02]} Nc7 {[%emt 0:02:21]} 10. Qc2 {[%emt 0:00:37]} h6 {[%emt 0:03:24]} 11. Bh4 {[%emt 0:02:15]} O-O {[%emt 0:00:32]} 12. f3 {[%emt 0:08:35]} Ne6 {[%emt 0:04:58]} 13. h3 {[%emt 0:05:55]} Be7 {[%emt 0:05:40]} 14. O-O {[%emt 0:07:24]} b5 {[%emt 0:07:13]} 15. Bf2 {[%emt 0:02:29]} Bd7 {[%emt 0:11:16]} 16. e4 {[%emt 0:04:01]} dxe4 {[%emt 0:01:23]} 17. fxe4 {[%emt 0:01:51]} Rc8 {[%emt 0:00:30]} 18. e5 {[%emt 0:15:21]} Nd5 {[%emt 0:04:42]} 19. Nxd5 {[%emt 0:00:37]} cxd5 {[%emt 0:00:06]} 20. Qb3 {[%emt 0:00:25]} Qb6 {[%emt 0:11:10]} 21. Nc3 {[%emt 0:15:12]} Nf4 {[%emt 0:05:12]} 22. Bb1 {[%emt 0:02:25]} Qe6 {[%emt 0:15:52]} 23. Bg3 {[%emt 0:09:58]} Nxh3+ {[%emt 0:17:04]} 24. gxh3 {[%emt 0:03:35]} Qxh3 {[%emt 0:00:17]} 25. Ne2 {[%emt 0:01:02]} Bg5 {[%emt 0:03:12]} 26. Qd3 {[%emt 0:03:28]} g6 {[%emt 0:02:24]} 27. Nf4 {[%emt 0:01:58]} Bxf4 {[%emt 0:01:08]} 28. Bxf4 {[%emt 0:00:27]} Qh5 {[%emt 0:00:44]} 29. Qg3 {[%emt 0:03:40]} f5 {[%emt 0:01:41]} 30. exf6 {[%emt 0:03:18]} Rxf6 {[%emt 0:00:02]} 31. Bd3 {[%emt 0:02:52]} Bh3 {[%emt 0:00:03]} 32. Rf2 {[%emt 0:02:29]} Rcf8 {[%emt 0:00:01]} 33. Rh2 {[%emt 0:01:20]} Rxf4 {[%emt 0:00:34]} 34. Qxh3 {[%emt 0:00:30]} Qxh3 {[%emt 0:03:12]} 35. Rxh3 {[%emt 0:00:01]} Rxd4 {[%emt 0:00:02]} 36. Rf1 {[%emt 0:01:15]} Rg4+ {[%emt 0:00:55]} 37. Kh2 {[%emt 0:00:05]} Rxf1 {[%emt 0:01:06]} 38. Bxf1 {[%emt 0:00:01]} Kg7 {[%emt 0:01:38]} 39. Bxb5 {[%emt 0:00:45]} h5 {[%emt 0:00:39]} 40. Rd3 {[%emt 0:00:50]} d4 {[%emt 0:00:32]} 41. Bc6 {[%emt 0:42:36]} Kf6 {[%emt 0:09:12]} 42. b4 {[%emt 0:00:00]} axb4 {[%emt 0:00:27]} 43. axb4 {[%emt 0:00:00]} Rh4+ {[%emt 0:02:41]} 44. Kg3 {[%emt 0:00:00]} Rg4+ {[%emt 0:00:04]} 45. Kf3 {[%emt 0:00:00]} Ke5 {[%emt 0:01:08]} 46. b5 {[%emt 0:00:00]} Rf4+ {[%emt 0:01:17]} 47. Kg3 {[%emt 0:00:00]} h4+ {[%emt 0:00:20]} 48. Kh3 {[%emt 0:00:00]} Kd6 {[%emt 0:01:23]} 49. Rb3 {[%emt 0:00:00]} Kc5 {[%emt 0:11:48]} 50. b6 {[%emt 0:00:00]} Kxc6 {[%emt 0:05:28]} 51. b7 {[%emt 0:00:00]} Rf8 {[%emt 0:00:09]} 52. b8=Q {[%emt 0:00:00]} Rxb8 {[%emt 0:00:05]} 53. Rxb8 {[%emt 0:00:00]} g5 {[%emt 0:01:34]} 54. Rd8 {[%emt 0:00:00]} Kc5 {[%emt 0:00:12]} 55. Kg4 {[%emt 0:00:00]} Kc4 {[%emt 0:10:22]} 56. Kxg5 {[%emt 0:00:00]} h3 {[%emt 0:01:20]} 57. Kf4 {[%emt 0:00:00]} Kd3 {[%emt 0:02:10]} 58. Rh8 {[%emt 0:00:00]} Ke2 {[%emt 0:00:00]} 59. Rxh3 {[%emt 0:00:00]} d3 {[%emt 0:00:00]} 60. Rh2+ {[%emt 0:00:00]} 1-0

[Event "Fagernes op-A"]
[Site "Fagernes NOR"]
[Date "2023.04.09"]
[Round "9.27"]
[White "Cummings, David"]
[Black "Verbin, Valentina"]
[Result "1/2-1/2"]
[WhiteElo "2318"]
[BlackElo "2071"]
[PlyCount "29"]
[GameId "2130307561693808"]
[EventDate "2023.04.02"]
[EventType "swiss"]
[EventRounds "9"]
[EventCountry "NOR"]
[SourceTitle "10 Days #719"]
[Source "ChessMix"]
[SourceDate "2023.04.10"]
[SourceVersion "1"]
[SourceVersionDate "2023.04.10"]
[SourceQuality "1"]

1. c4 e5 2. Nc3 Nf6 3. Nf3 Nc6 4. e4 Bc5 5. Nxe5 Nxe5 6. d4 Bb4 7. dxe5 Nxe4 8. Qf3 Nxc3 9. bxc3 Ba5 10. Bf4 O-O 11. Be2 d6 12. Rd1 Bd7 13. O-O dxe5 14. Bxe5 Qe7 15. Bd4 1/2-1/2

[Event "Wch-Seniors 50+"]
[Site "Assisi ITA"]
[Date "2022.11.15"]
[Round "1.21"]
[White "Cummings, David"]
[Black "Favier, Alain"]
[Result "1-0"]
[WhiteElo "2318"]
[BlackElo "1972"]
[PlyCount "81"]
[GameId "2130307567716284"]
[EventDate "2022.11.15"]
[EventType "swiss"]
[EventRounds "11"]
[EventCountry "ITA"]
[SourceTitle "10 Days #706"]
[Source "ChessMix"]
[SourceDate "2022.12.01"]
[SourceVersion "1"]
[SourceVersionDate "2022.12.01"]
[SourceQuality "1"]

1. c4 e5 2. Nc3 Nf6 3. Nf3 Nc6 4. e4 Bb4 5. d3 O-O 6. a3 Bxc3+ 7. bxc3 d6 8. Be2 h6 9. O-O Bd7 10. Ne1 Qe7 11. f4 exf4 12. Bxf4 Ne5 13. Rb1 b6 14. Nc2 Ba4 15. Qc1 Bxc2 16. Qxc2 Rae8 17. Rbe1 Ng6 18. Bg3 a5 19. Bd1 Qe6 20. Qe2 Re7 21. Bc2 Rfe8 22. Ba4 Rb8 23. Rf5 Qc8 24. Ref1 Re6 25. Qd2 Qf8 26. h3 Rd8 27. R5f2 Re7 28. Qd1 Rc8 29. h4 h5 30. Qd2 Ne5 31. Bd1 Nfg4 32. Rf4 Rd8 33. Be2 b5 34. cxb5 d5 35. exd5 Rxd5 36. d4 Ng6 37. Rf5 Red7 38. Rxd5 Rxd5 39. Bc4 Rd7 40. Qg5 Qe7 41. Rxf7 1-0

[Event "Wch-Seniors 50+"]
[Site "Assisi ITA"]
[Date "2022.11.16"]
[Round "2.16"]
[White "Van Den Bersselaar, Jeroen"]
[Black "Cummings, David"]
[Result "0-1"]
[WhiteElo "2114"]
[BlackElo "2318"]
[PlyCount "72"]
[GameId "2130307567720411"]
[EventDate "2022.11.15"]
[EventType "swiss"]
[EventRounds "11"]
[EventCountry "ITA"]
[SourceTitle "10 Days #706"]
[Source "ChessMix"]
[SourceDate "2022.12.01"]
[SourceVersion "1"]
[SourceVersionDate "2022.12.01"]
[SourceQuality "1"]

1. c4 e6 2. g3 d5 3. Bg2 Nf6 4. Nf3 dxc4 5. Qa4+ Nbd7 6. Qxc4 a6 7. a4 c5 8. Qc2 b6 9. Nc3 Bb7 10. O-O Rc8 11. d3 Bd6 12. b3 O-O 13. Bb2 Qc7 14. Rad1 Rfd8 15. Qb1 Bc6 16. Nh4 Bxg2 17. Nxg2 Ne5 18. Ne3 Nc6 19. Nc4 Be7 20. e3 Qb7 21. Ne2 b5 22. axb5 axb5 23. Ne5 Nxe5 24. Bxe5 Qf3 25. Qb2 Qh5 26. Nf4 Qh6 27. f3 Nd7 28. Bc3 Bg5 29. Ba5 Re8 30. b4 Bxf4 31. exf4 Qh5 32. bxc5 Qxc5+ 33. d4 Qd5 34. Rd3 Ra8 35. Ra1 Rec8 36. Rb3 b4 0-1

[Event "Wch-Seniors 50+"]
[Site "Assisi ITA"]
[Date "2022.11.17"]
[Round "3.12"]
[White "Cummings, David"]
[Black "Wolf, Eran"]
[Result "1-0"]
[WhiteElo "2318"]
[BlackElo "1787"]
[PlyCount "57"]
[GameId "2130307567720444"]
[EventDate "2022.11.15"]
[EventType "swiss"]
[EventRounds "11"]
[EventCountry "ITA"]
[SourceTitle "10 Days #706"]
[Source "ChessMix"]
[SourceDate "2022.12.01"]
[SourceVersion "1"]
[SourceVersionDate "2022.12.01"]
[SourceQuality "1"]

1. c4 e5 2. Nc3 Nf6 3. Nf3 Nc6 4. e3 Bb4 5. Qc2 Bxc3 6. bxc3 O-O 7. e4 Re8 8. g3 d6 9. Bg2 Bg4 10. h3 Be6 11. d3 h6 12. O-O Ne7 13. Ne1 Qc8 14. Kh2 Nh7 15. f4 exf4 16. Bxf4 g5 17. Be3 Ng6 18. Rb1 Rb8 19. Bxa7 Ra8 20. Be3 c6 21. Rb2 Ne5 22. Nf3 Nxf3+ 23. Rxf3 h5 24. Rf1 h4 25. gxh4 g4 26. hxg4 Bxg4 27. Qf2 Qd7 28. Qg3 Ra5 29. Rf4 1-0

[Event "Wch-Seniors 50+"]
[Site "Assisi ITA"]
[Date "2022.11.18"]
[Round "4.6"]
[White "Danielsen, Henrik"]
[Black "Cummings, David"]
[Result "1/2-1/2"]
[WhiteElo "2514"]
[BlackElo "2318"]
[PlyCount "47"]
[GameId "2130307567720474"]
[EventDate "2022.11.15"]
[EventType "swiss"]
[EventRounds "11"]
[EventCountry "ITA"]
[SourceTitle "10 Days #706"]
[Source "ChessMix"]
[SourceDate "2022.12.01"]
[SourceVersion "1"]
[SourceVersionDate "2022.12.01"]
[SourceQuality "1"]

1. e4 c6 2. d4 d5 3. Nd2 dxe4 4. Nxe4 Nf6 5. Nxf6+ exf6 6. Be3 Bd6 7. Bd3 O-O 8. Ne2 Re8 9. Qd2 Na6 10. O-O Nb4 11. Bf4 Nxd3 12. Qxd3 Bg4 13. f3 Bf5 14. Qxf5 Rxe2 15. Qd3 Re7 16. Bxd6 Qxd6 17. Rae1 Rae8 18. Rxe7 Qxe7 19. c3 Qe2 20. Qxe2 Rxe2 21. Rf2 Re1+ 22. Rf1 Re2 23. Rf2 Re1+ 24. Rf1 1/2-1/2

[Event "Wch-Seniors 50+"]
[Site "Assisi ITA"]
[Date "2022.11.19"]
[Round "5.4"]
[White "Cummings, David"]
[Black "Holzke, Frank"]
[Result "0-1"]
[WhiteElo "2318"]
[BlackElo "2476"]
[PlyCount "114"]
[GameId "2130307567724600"]
[EventDate "2022.11.15"]
[EventType "swiss"]
[EventRounds "11"]
[EventCountry "ITA"]
[SourceTitle "10 Days #706"]
[Source "ChessMix"]
[SourceDate "2022.12.01"]
[SourceVersion "1"]
[SourceVersionDate "2022.12.01"]
[SourceQuality "1"]

1. c4 e5 2. Nc3 Bb4 3. Nd5 Na6 4. Nf3 e4 5. Nd4 Nf6 6. Nxb4 Nxb4 7. a3 Nc6 8. Nxc6 dxc6 9. d4 O-O 10. Bg5 h6 11. Bxf6 Qxf6 12. e3 c5 13. Qd2 Rd8 14. Rd1 cxd4 15. exd4 Bg4 16. Be2 Bxe2 17. Kxe2 Rd6 18. Rhe1 Rad8 19. d5 c6 20. Qc3 Qxc3 21. bxc3 cxd5 22. Rxd5 Rxd5 23. cxd5 Rxd5 24. Rb1 b6 25. Rb4 f5 26. g4 g6 27. gxf5 gxf5 28. f3 exf3+ 29. Kxf3 Kg7 30. Ra4 a5 31. Kf4 Kf6 32. Rc4 Rc5 33. Rd4 Ke6 34. c4 Rc6 35. Ke3 Rd6 36. Rh4 Ke5 37. a4 Rf6 38. Kf3 f4 39. Rh5+ Kd4 40. Rb5 Kxc4 41. h4 Kd4 42. h5 Kc4 43. Rb2 Kc5 44. Rb5+ Kc6 45. Re5 Kb7 46. Rd5 Ka6 47. Re5 Rc6 48. Kxf4 Rc4+ 49. Kf5 Rxa4 50. Kg6 Rg4+ 51. Kxh6 a4 52. Re8 Kb5 53. Ra8 Kb4 54. Kh7 a3 55. h6 b5 56. Kh8 Kb3 57. h7 Rh4 0-1

[Event "Wch-Seniors 50+"]
[Site "Assisi ITA"]
[Date "2022.11.20"]
[Round "6.13"]
[White "Morin, Yves"]
[Black "Cummings, David"]
[Result "1/2-1/2"]
[WhiteElo "2170"]
[BlackElo "2318"]
[PlyCount "28"]
[GameId "2130307567728742"]
[EventDate "2022.11.15"]
[EventType "swiss"]
[EventRounds "11"]
[EventCountry "ITA"]
[SourceTitle "10 Days #706"]
[Source "ChessMix"]
[SourceDate "2022.12.01"]
[SourceVersion "1"]
[SourceVersionDate "2022.12.01"]
[SourceQuality "1"]

1. e4 c6 2. d3 d5 3. Nd2 e5 4. Ngf3 Bd6 5. c3 Nf6 6. d4 dxe4 7. dxe5 exf3 8. Nxf3 Be7 9. Qxd8+ Bxd8 10. exf6 Bxf6 11. Bc4 O-O 12. O-O Bf5 13. Be3 Nd7 14. Rfd1 Ne5 1/2-1/2

[Event "Wch-Seniors 50+"]
[Site "Assisi ITA"]
[Date "2022.11.24"]
[Round "9.13"]
[White "Cummings, David"]
[Black "De Francesco, Klaus"]
[Result "1/2-1/2"]
[WhiteElo "2318"]
[BlackElo "2171"]
[PlyCount "44"]
[GameId "2130307567732903"]
[EventDate "2022.11.15"]
[EventType "swiss"]
[EventRounds "11"]
[EventCountry "ITA"]
[SourceTitle "10 Days #706"]
[Source "ChessMix"]
[SourceDate "2022.12.01"]
[SourceVersion "1"]
[SourceVersionDate "2022.12.01"]
[SourceQuality "1"]

1. c4 e5 2. Nc3 Nf6 3. Nf3 Nc6 4. e4 Bb4 5. d3 d6 6. a3 Bc5 7. b4 Bb6 8. Be3 Bg4 9. Be2 Bxf3 10. Bxf3 Nd4 11. Na4 c6 12. Nxb6 Qxb6 13. O-O O-O 14. Rb1 h6 15. g3 d5 16. c5 Nxf3+ 17. Qxf3 Qd8 18. Rfd1 a6 19. g4 Qd7 20. h3 Qe6 21. Qf5 dxe4 22. dxe4 Qxf5 1/2-1/2